| 000 | 00733nam a2200229 a 4500 | ||
|---|---|---|---|
| 999 |
_c9409 _d9409 |
||
| 001 | 9409 | ||
| 003 | BD-JhCC | ||
| 005 | 20180527135440.0 | ||
| 008 | 180314s1987 a|||| ||a| 000 0 b d | ||
| 035 | _a(BD-JhCC)9409 | ||
| 040 |
_aBD-JhCC _dBD-JhCC |
||
| 041 | _aben | ||
| 082 |
_a928 _bJAM 1987 |
||
| 100 | _aজামান, লায়লা | ||
| 245 |
_aরোকেয়া সাখাওয়াত হোসেন : _b১৮৮০-১৯৩২ / _cলায়লা জামান |
||
| 260 |
_aঢাকা: _bবাংলা একাডেমী; _c1987. |
||
| 300 |
_a74 p. : _c21 cm. |
||
| 490 | _aজীবনী গ্রন্থমালা | ||
| 651 | _aBiography. | ||
| 942 |
_2ddc _cBK |
||